Gaming Quiz

Random Gaming or Pokémon Quiz
Score 0/39 Timer 06:00
1 Play Today
Hint Answer % Correct
Generation IBite (originally Normal-type)
96.6%
Generation IVDark Pulse
96.6%
Generation IICrunch
95.5%
Generation IIThief
80.9%
Generation IVDark Void
80.9%
Generation IVNight Slash
76.4%
Generation IIPursuit
75.3%
Generation IIISnatch
75.3%
Generation IIFeint Attack
74.2%
Generation VIIDarkest Lariat
73%
Generation IIBeat Up
70.8%
Generation IVSucker Punch
70.8%
Generation IIIKnock Off
69.7%
Generation IVNasty Plot
69.7%
Generation IIIFake Tears
67.4%
Generation IIITaunt
67.4%
Generation IIITorment
65.2%
Generation VIIThroat Chop
65.2%
Generation IVAssurance
62.9%
Generation IVEmbargo
61.8%
Hint Answer % Correct
Generation VHone Claws
61.8%
Generation VQuash
61.8%
Generation VIIMalicious Moonsault
61.8%
Generation VIIBlack Hole Eclipse
60.7%
Generation IVPayback
59.6%
Generation VSnarl
59.6%
Generation IVFling
57.3%
Generation VFoul Play
57.3%
Generation VNight Daze
57.3%
Generation VIIBrutal Swing
57.3%
Generation VIParting Shot
55.1%
Generation IIIMemento
53.9%
Generation IVPunishment
53.9%
Generation VIHyperspace Fury
53.9%
Generation VITopsy-Turvy
53.9%
Generation VIIPower Trip
53.9%
Generation IVSwitcheroo
52.8%
Generation VIIBaddy Bad
47.2%
Generation IIIFlatter
46.1%

You're not logged in!

Compare scores with friends on all Sporcle quizzes.
OR
Log In

Sporcle TV

Today on Sporcle TV


Watch our educational content, quiz creation guides, and fun videos on Sporcle TV.

Show Comments

Extras

Created Jul 14, 2019ReportNominate
Tags:Pokémon Quiz

Top Quizzes Today


Score Distribution

Paid Content

Your Account Isn't Verified!

In order to create a playlist on Sporcle, you need to verify the email address you used during registration. Go to your Sporcle Settings to finish the process.

Report this User

Report this user for behavior that violates our Community Guidelines.

Details: